000 00509nam a2200133 a 4500
008 120416s1973 ||||||||||||||||| || u
050 _aT 57.74 Lue
100 _aLuenberger, David G
245 1 0 _aIntroduction to linear and nonlinear programming
260 _aReading, Mass.
_bAddison-Wesley
_c[1973]
300 _axii, 356p. : ill.
350 _a0.00
995 _D0.00
_FCBU-MAIN LIBRARY (Kitwe)
_H1
_I0.00
_M1
_UAVAILABLE
_ZMain Library Open Access Collection
999 _c47825
_d47825